[Event "Dvorkovich Memorial rapid op"]
[Site "Taganrog"]
[Date "2018.01.14"]
[Round "9"]
[White "Tsoi, Dmitry"]
[Black "Mirzoian, Mikhail"]
[Result "1/2-1/2"]
[WhiteElo "2371"]
[BlackElo "2275"]
[PlyCount "114"]
[EventDate "2018.01.13"]
[EventType "swiss (rapid)"]
[EventRounds "11"]
[EventCountry "RUS"]
[SourceTitle "CBM 182 Extra"]
[Source "ChessBase"]
[SourceDate "2018.02.23"]
[SourceVersion "1"]
[SourceVersionDate "2018.02.23"]
[SourceQuality "1"]

1. c4 c6 2. Nf3 d5 3. Qc2 Nf6 4. e3 Bg4 5. Ne5 Bh5 6. cxd5 Qxd5 7. f4 e6 8. Nc3 Qd8 9. b3 Nbd7 10. d4 Nxe5 11. fxe5 Bg6 12. Bd3 Nd5 13. Nxd5 Qxd5 14. Bxg6 hxg6 15. 0-0 Be7 16. Qc4 f6 17. Qxd5 cxd5 18. Bb2 Rc8 19. Rac1 Kd7 20. Rxc8 Rxc8 21. Rf2 f5 22. Kf1 Bg5 23. Re2 Be7 24. Ke1 g5 25. h3 Rh8 26. Kd1 Rh4 27. Bc3 Re4 28. Kc2 g4 29. hxg4 Rxg4 30. Kd3 Bg5 31. Be1 Be7 32. g3 Rg6 33. b4 Rh6 34. g4 Rh3 35. gxf5 exf5 36. Rf2 Ke6 37. Ke2 g5 38. Bd2 g4 39. b5 Bh4 40. Rg2 Rh1 41. a4 Kf7 42. e4 dxe4 43. d5 g3 44. e6+ Kf6 45. Bc3+ Ke7 46. Be5 Rc1 47. Bxg3 Rc2+ 48. Kf1 Rc1+ 49. Ke2 Rc2+ 50. Kf1 Rc1+ 51. Kf2 Rc2+ 52. Kg1 Rxg2+ 53. Kxg2 Bxg3 54. Kxg3 Kd6 55. Kf4 Ke7 56. a5 Kd6 57. Ke3 b6 1/2-1/2

[Event "Dvorkovich Memorial rapid op"]
[Site "Taganrog"]
[Date "2018.01.13"]
[Round "2"]
[White "Mirzoian, Mikhail"]
[Black "Vastrukhin, Oleg"]
[Result "0-1"]
[WhiteElo "2275"]
[BlackElo "2398"]
[PlyCount "51"]
[EventDate "2018.01.13"]
[EventType "swiss (rapid)"]
[EventRounds "11"]
[EventCountry "RUS"]
[SourceTitle "CBM 182 Extra"]
[Source "ChessBase"]
[SourceDate "2018.02.23"]
[SourceVersion "1"]
[SourceVersionDate "2018.02.23"]
[SourceQuality "1"]

1. e4 e6 2. d4 d5 3. Nc3 Bb4 4. e5 c5 5. a3 Bxc3+ 6. bxc3 Nc6 7. Qg4 g6 8. Nf3 Qa5 9. Bd2 Qa4 10. Be2 c4 11. Ng5 h6 12. Nh3 Bd7 13. Nf4 0-0-0 14. 0-0 Qxc2 15. Rfd1 Na5 16. Be1 Nb3 17. Rab1 Qa2 18. h4 Qxa3 19. h5 g5 20. Nh3 f5 21. exf6 Nxf6 22. Qf3 Rhf8 23. Qe3 Qd6 24. f3 Nxh5 25. g4 Nf4 26. Ra1 0-1

[Event "Dvorkovich Memorial op"]
[Site "Taganrog"]
[Date "2017.01.17"]
[Round "5"]
[White "Moiseenko, Vadim"]
[Black "Mirzoian, Mikhail"]
[Result "1-0"]
[WhiteElo "2520"]
[BlackElo "2292"]
[PlyCount "63"]
[EventDate "2017.01.13"]
[EventType "swiss"]
[EventRounds "9"]
[EventCountry "RUS"]
[SourceTitle "CBM 176 Extra"]
[Source "ChessBase"]
[SourceDate "2017.03.02"]
[SourceVersion "1"]
[SourceVersionDate "2017.03.02"]
[SourceQuality "1"]

1. d4 d5 2. Bf4 Nf6 3. e3 e6 4. Nd2 Bd6 5. Bxd6 Qxd6 6. f4 b6 7. Ngf3 Bb7 8. Bd3 c5 9. c3 Nc6 10. Ne5 0-0 11. Qf3 Ne7 12. g4 Qd8 13. f5 exf5 14. gxf5 Nc8 15. Rg1 Nd6 16. 0-0-0 Kh8 17. Rg3 Rc8 18. Rdg1 Rg8 19. Qg2 Qf8 20. Ndf3 h6 21. Ng5 Qe8 22. Bb5 Bc6 23. Bxc6 Rxc6 24. Nxc6 Qxc6 25. Nxf7+ Nxf7 26. Rxg7 Qe8 27. Qg6 Qxe3+ 28. Kc2 Qe4+ 29. Kb3 c4+ 30. Ka3 Qe7+ 31. b4 cxb3+ 32. Kxb3 1-0